Me Colé en una Fiesta (Mecano) - Letra Completa - Estadísticas

Estadísticas generales
  • Esta prueba ha sido intentada 22 veces
  • La puntuación promedio es 302 de 343
Estadísticas de respuestas
Respuesta % Correcto
a
100%
algo
100%
Coca
100%
Cola
100%
cole
100%
comer
100%
de
100%
En
100%
en
100%
fiesta
100%
lo
100%
me
100%
para
100%
pero
100%
sola
100%
todos
100%
tu
100%
y
100%
Y
100%
yo
100%
Yo
100%
bien
93%
es
93%
mona
93%
Mucha
93%
niña
93%
ninguna
93%
Alli
87%
colores
87%
la
87%
La
87%
Luces
87%
pasar
87%
pasare
87%
entre
80%
fui
80%
mi
80%
No
80%
no
80%
plante
80%
que
80%
Que
80%
vi
80%
invito
73%
preguntaba
73%
dentro
67%
el
67%
El
67%
Era
67%
su
67%
Con
60%
escondi
60%
espero
60%
fue
60%
Iba
60%
meterme
60%
momento
60%
oportunidad
60%
barullo
53%
brazos
53%
cuelo
53%
flechazo
53%
gente
53%
instantaneo
53%
le
53%
miren
53%
provocando
53%
Quien
53%
transparente
53%
voy
53%
acerco
47%
cayo
47%
Ella
47%
entran
47%
esquina
47%
mis
47%
otros
47%
saliendo
47%
se
47%
traje
47%
Tras
47%
Unos
47%
van
47%
vio
47%
presentar
40%
puede
40%
contar
33%
No se encontraron pruebas coincidentes
Distribución de puntuación
Porcentaje de gente con cada puntuación
Porcentaje por número respondido
Historial de tus puntuaciones
No has intentado esta prueba.